000 00391nam a2200157Ia 4500
005 20250424120235.0
008 250424s9999 xx 000 0 und d
022 _aQP 44 .E97/
050 _aExperimental physiology
245 0 _aUnited State
260 _aWiley
260 _b2023
260 _c89 p. :ill. ; 28 cm.
300 _aPhysiology--Laboratory manuals. Rabbits.
650 _aSR
999 _c38188
_d38188